000 00672nam a2200193 i 4500
001 21464
003 ES-MaACL
005 20231221152501.0
007 t|
008 021125s1980 sp ||||1| spa d
100 1 _aAlcalá Zamora, Niceto,
_d1877-1949
_919473
245 1 0 _aCincuentenario de un discurso histórico
_b: declaración a favor de la República hecha en el Teatro Apolo de Valencia /
_cpor Niceto Alcalá-Zamora y Torres.
260 _aValencia :
_b[s.n.],
_c1980.
300 _a56 p. ;
_c16 cm.
710 2 _aTeatro Apolo de Valencia.
_96913
852 _aES-MaACL
_jA-10955
_bR.100524
852 _aES-MaACL
_jA-10954
_bR.100525
999 _c21464
_d21464